Sports Quiz

Random Sports or NHL Quiz

NHL Top 10 single season points by # of season Quiz Stats

 Plays Quiz not verified by Sporcle

Score 0/240 Timer 10:00
0 Plays Today
Season# Player % Correct
1stWayne Gretzky
99.6%
2ndWayne Gretzky
99.6%
3rdWayne Gretzky
99.6%
4thWayne Gretzky
99.6%
5thWayne Gretzky
99.6%
6thWayne Gretzky
99.6%
7thWayne Gretzky
99.6%
8thWayne Gretzky
99.6%
9thWayne Gretzky
99.6%
10thWayne Gretzky
99.6%
11thWayne Gretzky
99.6%
12thWayne Gretzky
99.6%
13thWayne Gretzky
99.6%
15thWayne Gretzky
99.6%
17thWayne Gretzky
99.6%
18thWayne Gretzky
99.6%
19thWayne Gretzky
99.6%
20thWayne Gretzky
99.6%
1stMario Lemieux
99%
2ndMario Lemieux
99%
4thMario Lemieux
99%
5thMario Lemieux
99%
6thJaromir Jagr
99%
6thMario Lemieux
99%
8thMario Lemieux
99%
9thMario Lemieux
99%
9thJaromir Jagr
99%
11thMario Lemieux
99%
11thJaromir Jagr
99%
12thMario Lemieux
99%
15thJaromir Jagr
99%
15thMario Lemieux
99%
16thJaromir Jagr
99%
20thJaromir Jagr
99%
21stJaromir Jagr
99%
22ndJaromir Jagr
99%
23rdJaromir Jagr
99%
1stSidney Crosby
98.7%
2ndSidney Crosby
98.7%
1stAlex Ovechkin
98.5%
3rdAlex Ovechkin
98.5%
11thMark Messier
98.1%
13thMark Messier
98.1%
14thMark Messier
98.1%
17thMark Messier
98.1%
18thMark Messier
98.1%
21stMark Messier
98.1%
22ndMark Messier
98.1%
23rdMark Messier
98.1%
24thMark Messier
98.1%
25thMark Messier
98.1%
17thGordie Howe
97.1%
19thGordie Howe
97.1%
20thGordie Howe
97.1%
21stGordie Howe
97.1%
22ndGordie Howe
97.1%
23rdGordie Howe
97.1%
24thGordie Howe
97.1%
25thGordie Howe
97.1%
26thGordie Howe
97.1%
3rdJoe Sakic
97%
13thJoe Sakic
97%
16thJoe Sakic
97%
17thJoe Sakic
97%
18thJoe Sakic
97%
1stTeemu Selänne
96.7%
2ndMike Bossy
96.7%
4thMike Bossy
96.7%
5thMike Bossy
96.7%
6thSteve Yzerman
96.7%
7thSteve Yzerman
96.7%
7thMike Bossy
96.7%
9thMike Bossy
96.7%
10thSteve Yzerman
96.7%
13thSteve Yzerman
96.7%
13thTeemu Selänne
96.7%
14thTeemu Selänne
96.7%
14thSteve Yzerman
96.7%
18thTeemu Selänne
96.7%
19thTeemu Selänne
96.7%
Season# Player % Correct
21stSteve Yzerman
96.7%
5thBrett Hull
95.4%
12thBobby Hull
95.4%
14thBobby Hull
95.4%
15thBobby Hull
95.4%
4thBobby Orr
94.9%
5thBobby Orr
94.9%
8thBobby Orr
94.9%
9thBobby Orr
94.9%
5thJari Kurri
94.8%
6thJari Kurri
94.8%
7thJari Kurri
94.8%
6thPhil Esposito
93.5%
8thPhil Esposito
93.5%
9thPhil Esposito
93.5%
10thPhil Esposito
93.5%
11thPhil Esposito
93.5%
12thPhil Esposito
93.5%
12thRon Francis
93.5%
13thRon Francis
93.5%
15thRon Francis
93.5%
16thRon Francis
93.5%
17thRon Francis
93.5%
19thRon Francis
93.5%
20thRon Francis
93.5%
21stRon Francis
93.5%
22ndRon Francis
93.5%
23rdRon Francis
93.5%
8thJoe Thornton
93.3%
9thJoe Thornton
93.3%
18thJoe Thornton
93.3%
1stBryan Trottier
92.3%
3rdBryan Trottier
92.3%
4thBryan Trottier
92.3%
4thPaul Coffey
92.3%
6thPaul Coffey
92.3%
7thBryan Trottier
92.3%
9thPaul Coffey
92.3%
3rdEvgeni Malkin
91.5%
4thMarcel Dionne
90.8%
6thMarcel Dionne
90.8%
8thMarcel Dionne
90.8%
9thMarcel Dionne
90.8%
10thMarcel Dionne
90.8%
11thMarcel Dionne
90.8%
12thMarcel Dionne
90.8%
13thMarcel Dionne
90.8%
14thMarcel Dionne
90.8%
15thMarcel Dionne
90.8%
16thMarcel Dionne
90.8%
5thGuy Lafleur
90.5%
6thGuy Lafleur
90.5%
7thGuy Lafleur
90.5%
8thGuy Lafleur
90.5%
9thGuy Lafleur
90.5%
2ndPeter Forsberg
89.4%
7thLuc Robitaille
88.6%
15thLuc Robitaille
88.6%
15thRay Bourque
88.1%
21stRay Bourque
88.1%
22ndRay Bourque
88.1%
10thPat LaFontaine
88%
13thPat LaFontaine
88%
3rdMark Recchi
86.8%
5thMark Recchi
86.8%
20thMark Recchi
86.8%
22ndMark Recchi
86.8%
1stPeter Stastny
86.7%
1stDale Hawerchuk
86.7%
2ndPeter Stastny
86.7%
3rdPeter Stastny
86.7%
4thDale Hawerchuk
86.7%
7thDale Hawerchuk
86.7%
3rdMats Sundin
86.6%
14thJarome Iginla
86.3%
4thSergei Fedorov
85.8%
23rdChris Chelios
85.8%
24thChris Chelios
85.8%
25thChris Chelios
85.8%
26thChris Chelios
85.8%
Season# Player % Correct
7thBobby Clarke
85.2%
8thAdam Oates
85.2%
14thBobby Clarke
85.2%
16thAdam Oates
85.2%
10thDoug Gilmour
84.8%
11thDoug Gilmour
84.8%
14thMike Modano
82.9%
12thMartin St. Louis
82.8%
4thAlexander Mogilny
81.9%
5thKevin Stevens
81.9%
2ndDenis Savard
81.3%
3rdDenis Savard
81.3%
8thDenis Savard
81.3%
17thStan Mikita
80%
18thBrendan Shanahan
80%
19thBrendan Shanahan
80%
21stStan Mikita
80%
12thDave Andreychuk
79.9%
22ndDave Andreychuk
79.9%
23rdDave Andreychuk
79.9%
6thPierre Turgeon
77.1%
16thJohn Bucyk
76.8%
17thJohn Bucyk
76.8%
18thJohn Bucyk
76.8%
19thJohn Bucyk
76.8%
20thJohn Bucyk
76.8%
21stJohn Bucyk
76.8%
22ndJohn Bucyk
76.8%
23rdJohn Bucyk
76.8%
8thBernie Nicholls
76.6%
19thNicklas Lidström
75.3%
10thGilbert Perreault
74.9%
14thGilbert Perreault
74.9%
18thJean Beliveau
73.8%
20thJean Beliveau
73.8%
5thMichel Goulet
70.8%
19thAlex Delvecchio
70.8%
20thAlex Delvecchio
70.8%
21stAlex Delvecchio
70.8%
22ndAlex Delvecchio
70.8%
23rdAlex Delvecchio
70.8%
24thAlex Delvecchio
70.8%
17thRod Brind'Amour
70.1%
12thEvgeni Malkin
68.6%
12thJean Ratelle
68%
13thJean Ratelle
68%
15thJean Ratelle
68%
16thJean Ratelle
68%
17thJean Ratelle
68%
18thJean Ratelle
68%
19thJean Ratelle
68%
20thJean Ratelle
68%
21stAl MacInnis
65.6%
22ndAl MacInnis
65.6%
23rdAl MacInnis
65.6%
11thClaude Giroux
62.7%
7thDennis Maruk
62.2%
15thRod Gilbert
61%
16thRod Gilbert
61%
2ndKent Nilsson
60.8%
10thPete Mahovlich
59.9%
11thPete Mahovlich
59.9%
16thFrank Mahovlich
59.9%
17thFrank Mahovlich
59.9%
18thFrank Mahovlich
59.9%
20thRay Whitney
57.7%
2ndRob Brown
56.5%
10thRick Middleton
52.8%
3rdJohn Cullen
50%
13thDino Ciccarelli
48.5%
10thKen Hodge
45.6%
2ndPierre Larouche
44.8%
1stBlair MacDonald
43%
1stMike Rogers
40.6%
16thNorm Ullman
39.9%
19thNorm Ullman
39.9%
11thVic Hadfield
39.2%
23rdTim Horton
35.9%
24thTim Horton
35.9%
14thIvan Boldirev
15.3%

You're not logged in!

Compare scores with friends on all Sporcle quizzes.
Join for Free
OR
Log In

You Might Also Like...

Show Comments

Extras

Top Quizzes Today


Score Distribution

Your Account Isn't Verified!

In order to create a playlist on Sporcle, you need to verify the email address you used during registration. Go to your Sporcle Settings to finish the process.

Report this User

Report this user for behavior that violates our Community Guidelines.

Details: